000
00271nam a2200109Ia 4500
008
200302s9999 xx 000 0 und d
100
_a
Richard Weston
245
_a
Materials, Form and Architecture
260
_b
Laurnce King Publishing
260
_c
2003
300
_a
223 P.,
999
_c
1945
_d
1945